000 00346nam a2200145Ia 4500
008 191201s2010 xx 000 0 und d
082 _a658.15
_bPOI
100 _aPORKODI, S
245 0 _aInternational Business Environment
250 _a1ST
260 _aN. Delhi
_bGlobal Vision Pub
_c2010
300 _a330
650 _aBBA
942 _2ddc
_cBK
999 _c4960
_d4960